LEADER 01273nam a2200301 a 4500 001 000000116194 003 CaOOAMICUS 005 20090612162434.0 008 090612s2009 it 001 0 ita r 020 $z978-88-399-0445-4* 040 $aPUL$bita$dLDB 041 1 $aita$heng 100 1 $aO'Collins, Gerald,$cS.I.$0(OLS)http://pul/name/25696 240 10$aJesus our redeemer.$lItaliano.$0(OLS)http://pul/title/146015 245 10$aGesù nostro redentore :$bla via cristiana alla salvezza /$cGerald O'Collins. 260 $aBrescia :$bQueriniana,$cc2009. 300 $a291 p. ;$c24 cm. 490 1 $aBiblioteca di teologia contemporanea ;$v145 504 $aBibliografia: p. [279]-281. 650 4$aSalvezza.$0(OLS)http://pul/subject/2067 830 0$aBiblioteca di teologia contemporanea ;$v145.$0(OLS)http://pul/title/7472 850 $aPUL 852 $aPUL$W1$xSL Religione 3$y85$m200 BTC 1.145$j133136$qDDC 21$B132161$CPULBib$Z2$F132161 $H110614 $82 941 1 $a9 983 0$aBTC. 996 $6020$z978-88-399-0445-4*$9(OLS)http://pul/number/141124 996 $6245$aGesù nostro redentore :$bla via cristiana alla salvezza$9(OLS)http://pul/title/146016 996 $6260$aBrescia :$bQueriniana$9(OLS)http://pul/publisher/47906 LEADER 01333nam a2200289 u 4500 001 000000052735 003 CaOOAMICUS 005 20070226115501.0 008 001024s2000 it u000 u ita u 035 $a10859240 040 $aPUL$bita 041 1 $aita$hfre 100 1 $aDe Maistre, Joseph.$0(OLS)http://pul/name/22021 240 10$aEssai sur le principe générateur des constitutions politiques suivi de etude sur la souveraineté.$lItaliano.$0(OLS)http://pul/title/70717 245 10$aScritti politici :$bsaggio su il Principio Generatore delle Costituzioni politiche /$cJoseph De Maistre. 260 $aSiena :$bCantagalli,$c2000. 300 $a336 p. ;$c20 cm 490 1 $aClassici cristiani.$aNuova serie ;$v3 504 $aBibliografia in nota. 650 4$aCostituzioni (diritto).$0(OLS)http://pul/subject/14730 830 0$aClassici cristiani.$pNuova serie ;$v3.$0(OLS)http://pul/title/70719 850 $aPUL 852 $aPUL$W1$xSL Diritto e Scienze Sociali 1$y4$m238 I 37$j69673$nBK-PRI$b $qStampati$B69673$CPULBib$Z2$F69673 $H $81 941 1 $a8 961 $aINV: 82995 996 $6245$aScritti politici :$bsaggio su il Principio Generatore delle Costituzioni politiche$9(OLS)http://pul/title/70718 996 $6260$aSiena :$bCantagalli$9(OLS)http://pul/publisher/48759